Upíří kronika. Cesta do minulosti /

Hlavní autor: Klabouchová, Petra, 1980-
Jazyk: Čeština
Vydáno: Praha : Fragment, 2008
Vydání: 1. vyd.
Edice: Upíří kronika
Témata:
Externí odkaz: Digitalizovaný dokument
Fyzický popis: 215 s. : il. ; 21 cm
Knihy
Uloženo v:
LEADER 01587nam a2200445 a 4500
001 nkc20081818568
003 CZ PrNK
005 20140228094031.0
007 ta
008 080909s2008 xr a c 000 f cze
015 |a cnb001818568 
020 |a 978-80-253-0745-8  |q (váz.) 
035 |a (OCoLC)271611596 
040 |a OLA001  |b cze 
072 7 |a 821.162.3-3  |x Česká próza  |2 Konspekt  |9 25 
072 7 |a 821-93  |x Literatura pro děti a mládež (beletrie)  |2 Konspekt  |9 26 
080 |a 821-93  |2 MRF 
080 |a 821.162.3-31  |2 MRF 
080 |a (0:82-311.3)  |2 MRF 
100 1 |a Klabouchová, Petra,  |d 1980-  |7 ola2006345384  |4 aut 
245 1 0 |a Upíří kronika.  |p Cesta do minulosti /  |c Petra Klabouchová ; ilustroval Petr Palma 
246 3 0 |a Cesta do minulosti 
250 |a 1. vyd. 
260 |a Praha :  |b Fragment,  |c 2008 
300 |a 215 s. :  |b il. ;  |c 21 cm 
490 1 |a Upíří kronika 
521 8 |a Určeno pro čtenáře od 11 let 
655 7 |a české romány  |7 fd133974  |2 czenas 
655 7 |a dobrodružné romány  |7 fd132061  |2 czenas 
655 7 |a publikace pro děti  |7 fd133156  |2 czenas 
655 9 |a Czech fiction  |2 eczenas 
655 9 |a adventure novels  |2 eczenas 
655 9 |a children's literature  |2 eczenas 
830 0 |a Upíří kronika  |0 s 
856 4 1 |u http://www.digitalniknihovna.cz/mzk/uuid/uuid:f687c100-67aa-11e3-8561-005056827e52  |y Digitalizovaný dokument  |x NDK 
910 2 |a BOA001  |b 2-1212.261 
990 |a BK 
995 |a 01 
991 |b 200810 
996 6 |b 2610357633  |c 2-1212.261  |l MZK  |r Sklad / do 1 hodiny  |n 0  |p p.v.  |w 000915482  |u 000010  |a 1  |e BOA001  |j MZK50  |s P